|
|
|
|
| LEADER |
00000nam0a2200000 4500 |
| 001 |
92851 |
| 005 |
20231101213842.0 |
| 010 |
|
|
|a 5020138290
|
| 020 |
|
|
|a RU
|b 88-36397
|
| 035 |
|
|
|a (RuTPU)RU\TPU\book\99457
|
| 090 |
|
|
|a 92851
|
| 100 |
|
|
|a 20060321d1988 km y0rusy5003 ca
|
| 101 |
0 |
|
|a rus
|
| 102 |
|
|
|a RU
|
| 105 |
|
|
|a ac z 001zy
|
| 200 |
1 |
|
|a Излучение Вавилова-Черенкова. Вопросы теории
|f И. М. Франк
|
| 210 |
|
|
|a Москва
|c Наука
|d 1988
|
| 215 |
|
|
|a 284,[1] с.
|c ил.
|
| 300 |
|
|
|a Рез.: англ.
|
| 320 |
|
|
|a Библиогр.: с. 281-285 (142 назв.).
|
| 610 |
1 |
|
|a Черенкова-Вавилова эффект
|
| 610 |
1 |
|
|a ядерная физика
|
| 610 |
1 |
|
|a излучения
|
| 610 |
1 |
|
|a теория
|
| 610 |
1 |
|
|a электрические мультиполя
|
| 610 |
1 |
|
|a эффект Доплера
|
| 610 |
1 |
|
|a экспериментальные исследования
|
| 610 |
1 |
|
|a групповые скорости
|
| 610 |
1 |
|
|a пороговые явления
|
| 675 |
|
|
|a 539.1.074.4
|z rus
|
| 700 |
|
1 |
|a Франк
|b И. М.
|c российский физик
|c академик АН СССР
|f 1908-1990
|g Илья Михайлович
|2 stltpush
|3 (RuTPU)RU\TPU\pers\11890
|9 2999
|
| 801 |
|
0 |
|a RU
|b RuMRKP
|c 19950417
|g psbo
|
| 801 |
|
1 |
|a RU
|b 63413507
|c 20060321
|g PSBO
|
| 801 |
|
2 |
|a RU
|b 63413507
|c 20220217
|g PSBO
|
| 942 |
|
|
|c BK
|